Nimeä albumit - Statistics

Yleistilastot
  • Tätä visaa on pelattu 19 kertaa
  • Keskiarvotulos 5 / 20
Vastaustilastot
Kuvavisa Hint Vastaus % Oikein
Black Sabbath Paranoid
60%
AC/DC Back in Black
47%
Guns n' roses Appetite for Destruction
33%
Led Zeppelin Led Zeppelin IV
33%
Dingo Nimeni on Dingo
33%
Judas Priest Painkiller
33%
Him Razorblade Romance
33%
Slayer Reign in Blood
33%
Pink Floyd The Dark Side of the Moon
33%
Iron Maiden The Number of the Beast
33%
Eppu Normaali Imperiumin vastaisku
27%
Nightwish Once
27%
Dr. Dre 2001
20%
Radiohead OK computer
20%
Megadeth Rust in Peace
20%
50 Cent Get Rich or Die Tryin
13%
Kanye West Graduation
13%
Kendrick Lamar To Pimp a butterfly
13%
Leevi and the Leavings Menestyksen salaisuus
7%
Jay-z The Blueprint
7%
Ehtoja vastaavia visoja ei löytynyt
Tulosjakauma
Jokaisen tuloksen saaneiden osuus
Persentiili vastausten määrän mukaan
Tuloshistoriasi
Et ole pelannut tätä visaa